000 01243cam a2200373 a 4500
001 15173849
003 OSt
005 20240704122543.0
008 080208s2008 cau b 001 0 eng
010 _a 2008922733
015 _aGBA878393
_2bnb
016 7 _a014647437
_2Uk
020 _a1412947626 (hbk.)
020 _a9781412947626 (hbk.)
020 _a1412947634 (pbk.)
020 _a9781412947633 (pbk.)
035 _a(OCoLC)ocn228362672
040 _cmust
042 _alccopycat
050 0 0 _aHD62.4
_b.C35 2008
082 0 4 _a338.88 CAI 2008
_222
100 1 _aCairns, George.
_918434
245 1 2 _aA very short, fairly interesting and reasonably cheap book about international business /
_cGeorge Cairns and Martyna Śliwa.
260 _aLos Angeles ;
_aLondon :
_bSAGE,
_c2008.
300 _aviii, 176 p. ;
_c21 cm.
504 _aIncludes bibliographical references (p. [165]-173) and index.
650 0 _aInternational business enterprises.
_93738
650 0 _aInternational trade.
_91473
700 1 _aŚliwa, Martyna.
_918435
906 _a7
_bcbc
_ccopycat
_d2
_encip
_f20
_gy-gencatlg
942 _2ddc
_cO_SHELF
999 _c9066
_d9066